Neurogenetics methods and protocols.V217. (Record no. 164948)

MARC details
000 -LEADER
fixed length control field 00596nam a2200229Ia 4500
003 - CONTROL NUMBER IDENTIFIER
control field OSt
005 - DATE AND TIME OF LATEST TRANSACTION
control field 20230517161032.0
008 - FIXED-LENGTH DATA ELEMENTS--GENERAL INFORMATION
fixed length control field 210423s2010 xx 000 0 und d
020 ## - INTERNATIONAL STANDARD BOOK NUMBER
International Standard Book Number 896039900
040 ## - CATALOGING SOURCE
Transcribing agency AL
041 ## - LANGUAGE CODE
Language code of text/sound track or separate title eng
082 ## - DEWEY DECIMAL CLASSIFICATION NUMBER
Classification number 616.042 POTN
Edition number 23
100 ## - MAIN ENTRY--PERSONAL NAME
Personal name POTTER (Nicholas T).
9 (RLIN) 107225
245 ## - TITLE STATEMENT
Title Neurogenetics methods and protocols.V217.
260 ## - PUBLICATION, DISTRIBUTION, ETC.
Place of publication, distribution, etc. New Jersey
Name of publisher, distributor, etc. Humana Press
Date of publication, distribution, etc. 2010
300 ## - PHYSICAL DESCRIPTION
Extent xiii,390
Other physical details PB
365 ## - TRADE PRICE
Price amount 8135.93
Currency code INR
440 ## - SERIES STATEMENT/ADDED ENTRY--TITLE
Volume/sequential designation 217
650 ## - SUBJECT ADDED ENTRY--TOPICAL TERM
Topical term or geographic name entry element Diseases
9 (RLIN) 107226
906 ## - LOCAL DATA ELEMENT F, LDF (RLIN)
a methods ; Neurogenetics ; protocols.V217.
942 ## - ADDED ENTRY ELEMENTS (KOHA)
Source of classification or shelving scheme Dewey Decimal Classification
Koha item type Book
Holdings
Withdrawn status Lost status Damaged status Not for loan Collection code Home library Current library Date acquired Source of acquisition Cost, normal purchase price Total Checkouts Full call number Barcode Date last seen Price effective from Koha item type
        Bio Chemistry St Aloysius PG Library St Aloysius PG Library 10/15/2013 Athulya Books 8135.93   616.042 POTN PG011446 08/24/2022 04/26/2021 Book